[Event "Figueres Mas op-B 23rd"]
[Site "Figueres"]
[Date "2022.08.17"]
[Round "8"]
[White "Burset Camps, Guillem"]
[Black "Cantenys Pages, Carles"]
[Result "1/2-1/2"]
[WhiteElo "1526"]
[BlackElo "1361"]
[PlyCount "71"]
[EventDate "2022.08.11"]
[EventType "swiss"]
[EventRounds "9"]
[EventCountry "ESP"]
[SourceTitle "EXT 2023"]
[Source "ChessBase"]
[SourceDate "2022.10.05"]
[SourceVersion "1"]
[SourceVersionDate "2022.10.05"]
[SourceQuality "1"]

1. d4 d5 2. Nf3 e6 3. c4 dxc4 4. Nc3 Nf6 5. Bg5 Be7 6. e3 0-0 7. Bxc4 c6 8. 0-0 b5 9. Bb3 h6 10. Bh4 Nbd7 11. Rc1 Bb7 12. Qe2 b4 13. Na4 Nd5 14. Bxe7 Qxe7 15. Ne5 Nxe5 16. dxe5 a5 17. Nc5 Ra7 18. f4 Rd8 19. Rf3 Bc8 20. Rg3 f5 21. exf6 Nxf6 22. Nd3 Ba6 23. e4 Rad7 24. Bc4 Bxc4 25. Rxc4 Qd6 26. e5 Qxd3 27. Rxd3 Rxd3 28. Rc2 Ne8 29. Kf1 R8d4 30. Ke1 Nc7 31. Rxc6 Nd5 32. Qh5 Re4+ 33. Kf2 Rxf4+ 34. Ke2 Re3+ 35. Kd1 Rf1+ 36. Kc2 1/2-1/2

[Event "Figueres Nadal op 9th"]
[Site "Figueres"]
[Date "2020.01.04"]
[Round "5"]
[White "Blanco Esquena, Ramon"]
[Black "Cantenys Pages, Carles"]
[Result "1-0"]
[WhiteElo "1710"]
[BlackElo "1351"]
[PlyCount "49"]
[EventDate "2020.01.02"]
[EventType "swiss"]
[EventRounds "8"]
[EventCountry "ESP"]
[SourceTitle "CBM 194 Extra"]
[Source "ChessBase"]
[SourceDate "2020.03.31"]
[SourceVersion "1"]
[SourceVersionDate "2020.03.31"]
[SourceQuality "1"]

1. e4 e5 2. Nf3 Nc6 3. d3 Be7 4. Be2 Nf6 5. 0-0 0-0 6. c3 d6 7. Re1 h6 8. Bf1 Nh7 9. Nbd2 a6 10. Qc2 b5 11. a4 Bb7 12. d4 exd4 13. Nxd4 bxa4 14. Rxa4 Ne5 15. f4 Ng6 16. N2f3 c5 17. Nf5 Bf6 18. Rd1 Be7 19. Nxd6 Bxd6 20. e5 Bxf3 21. Rxd6 Qh4 22. gxf3 Nxf4 23. Rxf4 Qg5+ 24. Rg4 Qxe5 25. Rxh6 1-0

[Event "Figueres Nadal op 7th"]
[Site "Figueres"]
[Date "2017.12.29"]
[Round "5"]
[White "Acevedo Egido, David"]
[Black "Cantenys Pages, Carles"]
[Result "1-0"]
[WhiteElo "1487"]
[BlackElo "1423"]
[PlyCount "85"]
[EventDate "2017.12.27"]
[EventType "swiss"]
[EventRounds "8"]
[EventCountry "ESP"]
[SourceTitle "CBM 182 Extra"]
[Source "ChessBase"]
[SourceDate "2018.02.23"]
[SourceVersion "1"]
[SourceVersionDate "2018.02.23"]
[SourceQuality "1"]

1. e4 e5 2. Nf3 Nc6 3. Bb5 d6 4. d4 exd4 5. Nxd4 Bd7 6. c3 a6 7. Ba4 b5 8. Bb3 Ne5 9. h3 Nf6 10. 0-0 c5 11. Nf3 c4 12. Bc2 Bc6 13. Re1 Be7 14. Bf4 Qc7 15. Nd4 Bb7 16. a4 Qa5 17. Nf5 Qc7 18. Nxg7+ Kf8 19. Bh6 Qd7 20. Nh5+ Ke8 21. Bg7 Rg8 22. Bxf6 Qxh3 23. Ng3 Rxg3 24. fxg3 Qxg3 25. Bxe5 dxe5 26. Re2 Bc5+ 27. Kf1 Rd8 28. Qe1 Qh2 29. Rf2 Qh1+ 30. Ke2 Qxe1+ 31. Kxe1 Bxf2+ 32. Kxf2 Bc6 33. Ke2 Ke7 34. axb5 axb5 35. Nd2 Rg8 36. Kf2 Kd6 37. Ra7 Rg7 38. Bd1 Ke6 39. b3 Rg6 40. bxc4 bxc4 41. Bf3 Rf6 42. Nxc4 Bxe4 43. Ra6+ 1-0

[Event "Figueres Nadal op 7th"]
[Site "Figueres"]
[Date "2017.12.28"]
[Round "4"]
[White "Cantenys Pages, Carles"]
[Black "Blanco Esquena, Ramon"]
[Result "1-0"]
[WhiteElo "1423"]
[BlackElo "1708"]
[PlyCount "55"]
[EventDate "2017.12.27"]
[EventType "swiss"]
[EventRounds "8"]
[EventCountry "ESP"]
[SourceTitle "CBM 182 Extra"]
[Source "ChessBase"]
[SourceDate "2018.02.23"]
[SourceVersion "1"]
[SourceVersionDate "2018.02.23"]
[SourceQuality "1"]

1. e4 d5 2. exd5 Qxd5 3. d3 Nf6 4. Nc3 Qa5 5. Bd2 c6 6. Be2 Qc7 7. Nf3 Bg4 8. 0-0 e6 9. Nd4 Bxe2 10. Ndxe2 Bd6 11. h3 Nbd7 12. Qc1 0-0-0 13. a4 Nd5 14. Ne4 Be7 15. c4 N5f6 16. Bc3 Nxe4 17. dxe4 Nc5 18. Qc2 Bf6 19. b4 Bxc3 20. Nxc3 Nd3 21. b5 g5 22. Rab1 g4 23. Rbd1 g3 24. fxg3 Rhg8 25. Ne2 Qb6+ 26. c5 Qc7 27. Rf3 Ne5 28. Rb3 1-0

[Event "Figueres Nadal op 7th"]
[Site "Figueres"]
[Date "2017.12.28"]
[Round "3"]
[White "Clot Chico, Arnau"]
[Black "Cantenys Pages, Carles"]
[Result "1-0"]
[WhiteElo "1905"]
[BlackElo "1423"]
[PlyCount "47"]
[EventDate "2017.12.27"]
[EventType "swiss"]
[EventRounds "8"]
[EventCountry "ESP"]
[SourceTitle "CBM 182 Extra"]
[Source "ChessBase"]
[SourceDate "2018.02.23"]
[SourceVersion "1"]
[SourceVersionDate "2018.02.23"]
[SourceQuality "1"]

1. e4 e5 2. Nf3 Nc6 3. Bb5 d6 4. d4 exd4 5. Nxd4 Bd7 6. Bxc6 bxc6 7. 0-0 c5 8. Nf3 Be7 9. Re1 Nf6 10. e5 dxe5 11. Nxe5 0-0 12. Nxd7 Nxd7 13. Nc3 Bd6 14. Ne4 Re8 15. Bg5 Be7 16. Qh5 Bxg5 17. Nxg5 Rxe1+ 18. Rxe1 Nf6 19. Qxf7+ Kh8 20. h4 Qd7 21. Re7 Qd1+ 22. Kh2 Qd6+ 23. Kh3 Qf4 24. Qxg7# 1-0

[Event "Figueres op-B 17th"]
[Site "Figueres"]
[Date "2016.08.11"]
[Round "1"]
[White "Gonzalez Pabollet, Jesus Maria"]
[Black "Cantenys Pages, Carles"]
[Result "1-0"]
[WhiteElo "1872"]
[BlackElo "1469"]
[PlyCount "36"]
[EventDate "2016.08.11"]
[EventType "swiss"]
[EventRounds "9"]
[EventCountry "ESP"]
[SourceTitle "EXT 2017"]
[Source "ChessBase"]
[SourceDate "2016.10.25"]
[SourceVersion "1"]
[SourceVersionDate "2016.10.25"]
[SourceQuality "1"]

1. e4 e5 2. Nf3 Nc6 3. Bb5 d6 4. 0-0 Be7 5. d4 exd4 6. Nxd4 Bd7 7. Bxc6 bxc6 8. Nc3 Bf6 9. Qd3 Ne7 10. Bd2 0-0 11. Rae1 Ng6 12. f4 Re8 13. Nd1 a6 14. Ne3 c5 15. Ne2 Bc6 16. Ng3 Rb8 17. c3 Bh4 18. b3 Bb5 1-0

[Event "Figueres Nadal op 5th"]
[Site "Figueres"]
[Date "2016.01.03"]
[Round "4"]
[White "Cantenys Pages, Carles"]
[Black "Lopez Garcia, Rafael"]
[Result "1/2-1/2"]
[WhiteElo "1478"]
[BlackElo "1386"]
[PlyCount "31"]
[EventDate "2016.01.02"]
[EventType "swiss"]
[EventRounds "7"]
[EventCountry "ESP"]
[SourceTitle "EXT 2017"]
[Source "ChessBase"]
[SourceDate "2016.10.25"]
[SourceVersion "1"]
[SourceVersionDate "2016.10.25"]
[SourceQuality "1"]

1. e4 e5 2. Nf3 Nc6 3. c3 Nf6 4. d3 Bc5 5. Be2 d5 6. exd5 Qxd5 7. 0-0 0-0 8. a4 a5 9. Nbd2 b6 10. Nb3 Bd6 11. Ng5 Be7 12. Bf3 Qd6 13. h3 h6 14. Ne4 Nxe4 15. Bxe4 f5 16. Bf3 1/2-1/2

[Event "Figueres Nadal op 5th"]
[Site "Figueres"]
[Date "2016.01.02"]
[Round "2"]
[White "Cantenys Pages, Carles"]
[Black "Gili Munoz, Daniel"]
[Result "0-1"]
[WhiteElo "1478"]
[BlackElo "1873"]
[PlyCount "56"]
[EventDate "2016.01.02"]
[EventType "swiss"]
[EventRounds "7"]
[EventCountry "ESP"]
[SourceTitle "EXT 2017"]
[Source "ChessBase"]
[SourceDate "2016.10.25"]
[SourceVersion "1"]
[SourceVersionDate "2016.10.25"]
[SourceQuality "1"]

1. e4 e5 2. Nf3 Nc6 3. c3 Nf6 4. d3 Bc5 5. Be2 0-0 6. 0-0 h6 7. a4 a6 8. b4 Ba7 9. Bb2 d6 10. Nbd2 Be6 11. b5 axb5 12. axb5 Ne7 13. c4 Ng6 14. Re1 Nf4 15. h3 Qd7 16. Bf1 N6h5 17. d4 exd4 18. Bxd4 Bxd4 19. Nxd4 Nf6 20. Nxe6 Qxe6 21. Qf3 Qe5 22. Rxa8 Rxa8 23. Qe3 Ne6 24. Nf3 Qb2 25. Re2 Qb4 26. Rd2 Ra1 27. Rc2 Qb1 28. Qe2 Nf4 0-1

[Event "Figueres op 12th"]
[Site "Figueres"]
[Date "2011.08.17"]
[Round "8"]
[White "Fleta Marin, Sergio"]
[Black "Cantenys Pages, Carles"]
[Result "1-0"]
[WhiteElo "1675"]
[BlackElo "1570"]
[PlyCount "59"]
[EventDate "2011.08.11"]
[EventType "swiss"]
[EventRounds "9"]
[EventCountry "ESP"]
[SourceTitle "CBM 143 Extra"]
[Source "ChessBase"]
[SourceDate "2011.08.29"]
[SourceVersion "1"]
[SourceVersionDate "2011.08.29"]
[SourceQuality "1"]

1. e4 e5 2. Nf3 Nc6 3. d4 exd4 4. Nxd4 Nxd4 5. Qxd4 d6 6. Nc3 Nf6 7. Bg5 Be7 8. f3 c5 9. Bb5+ Bd7 10. Qd3 a6 11. Bxd7+ Qxd7 12. Rd1 Qe6 13. 0-0 Rd8 14. Bxf6 Bxf6 15. Nd5 0-0 16. c3 Be7 17. Rfe1 Qd7 18. Qb1 Qe6 19. f4 f6 20. f5 Qf7 21. Rd3 b5 22. Rg3 Rd7 23. Rg4 Bd8 24. Re3 Kh8 25. Rh3 Qe8 26. Nf4 Kg8 27. Qe1 d5 28. Ne6 Rff7 29. Qh4 g5 30. fxg6 1-0